Tales for children / (Record no. 45038)

MARC details
000 -LEADER
fixed length control field 00733nam a22002057a 4500
005 - DATE AND TIME OF LATEST TRANSACTION
control field 20100910115526.0
010 ## - LCCN (DPL NO)
LC control number B-421003
020 ## - INTERNATIONAL STANDARD BOOK NUMBER
International Standard Book Number 8188594032
Terms of availability 250.00
035 ## - SYSTEM CONTROL NUMBER
System control number B-421003
037 ## - SOURCE OF ACQUISITION
Source of stock number/acquisition DBAD/Gift
082 ## - DEWEY DECIMAL CLASSIFICATION NUMBER
Classification number S
100 ## - MAIN ENTRY--PERSONAL NAME
Personal name Tolstoy, Leo
245 ## - TITLE STATEMENT
Title Tales for children /
Statement of responsibility, etc by Leo Tolstoy; edited compiled by Reema Prashar
260 ## - PUBLICATION, DISTRIBUTION, ETC. (IMPRINT)
Place of publication, distribution, etc Delhi
Name of publisher, distributor, etc Magpiee Publishers & Distributors
Date of publication, distribution, etc 2007
300 ## - PHYSICAL DESCRIPTION
Extent 244p. :
Dimensions 22cm. (Hb)
490 ## - SERIES STATEMENT
Series statement Silverbell children classics
-- 19393
650 ## - SUBJECT ADDED ENTRY--TOPICAL TERM
Topical term or geographic name as entry element Tales
General subdivision Juvenile literature
942 ## - ADDED ENTRY ELEMENTS (KOHA)
Source of classification or shelving scheme Dewey Decimal Classification
Item type Children Books
Classification part S
Call number suffix TOL
Holdings
Withdrawn status Lost status Not for loan Collection code Home library Current library Date acquired Source of acquisition Cost, normal purchase price Full call number Barcode Copy number Cost, replacement price Koha item type
      Fiction Janak Puri Janak Puri 10/09/2010 DBAD/Gift 250.00 S TOL B-421003 1 250.00 Children Books

© Delhi Public Library
Hit Counter
free hit counter